Regional Trade Agreements and Intra-African Trade: Do Colonial Ties Matter?

Salvato in:
Dettagli Bibliografici
Autore principale: König, Brian, 1983-
Altri autori: Abille, Adamu Braimah
Natura: Capitolo di libro
Lingua:inglese
Soggetti:
Tags: Aggiungi Tag
Nessun Tag, puoi essere il primo ad aggiungerne!!

MARC

LEADER 00000naa$a2200000$$$4500
001 0305665
005 20251105134734.7
041 0 |a eng 
044 |a SK 
245 1 0 |a Regional Trade Agreements and Intra-African Trade: Do Colonial Ties Matter?  |c Brian König, Adamu Braimah Abille 
500 |a Abstrakt 
610 2 0 |a Afrika 
610 2 0 |a obchod 
610 2 0 |a kolonializmus 
100 1 |a König, Brian, 1983- 
700 1 |a Abille, Adamu Braimah